| 000 | 01004nam a22002777a 4500 | ||
|---|---|---|---|
| 999 |
_c5461 _d5461 |
||
| 003 | AR-CdUCM | ||
| 008 | 190312b ||||| |||| 00| 0 spa d | ||
| 020 | _a84-206-1155-5 | ||
| 040 |
_aMUNICIPALIDAD PROVINCIAL DEL CUSCO _cBIBLIOTECA MUNICIPAL DEL CUSCO |
||
| 041 | _hfre | ||
| 082 |
_22ed. _a191.7 / _bJ89 |
||
| 100 |
_aJung, Carl Gustav _916420 |
||
| 245 | _aLos Complejos y el Inconsciente / | ||
| 260 |
_aMadrid : _bAlianza Editorial ; _c1974. |
||
| 300 |
_a451 páginas ; _c19cm |
||
| 500 | _aSerie Humanidades | ||
| 505 | _aContenido: Facetas del alma contemporánea -- Reconquista de la conciencia -- Funciones y estructuras del consciente y del inconsciente -- Teoría de los complejos -- Los complejos -- Los sueños... | ||
| 650 |
_aSueños _9335 |
||
| 650 |
_aComplejos _916421 |
||
| 650 |
_aConsciente _916422 |
||
| 650 |
_aInconsciente _916423 |
||
| 650 |
_aEnseñanzas _916424 |
||
| 700 |
_aLópez Pacheco, Jesús (traducción) _916425 |
||
| 942 |
_2ddc _cLIBROS |
||
| 945 | _anom | ||